| 000 | 01187nam a2200313 a 4500 | ||
|---|---|---|---|
| 001 | ebr10683274 | ||
| 003 | CaPaEBR | ||
| 006 | m u | ||
| 007 | cr cn||||||||| | ||
| 008 | 130419s2013 si sb 001 0 eng d | ||
| 020 | _z9781118203132 | ||
| 020 | _z9781118203149 (e-book) | ||
| 040 |
_aCaPaEBR _cCaPaEBR |
||
| 035 | _a(OCoLC)846970359 | ||
| 050 | 1 | 4 |
_aHG4026 _b.A33 2013eb |
| 082 | 0 | 4 |
_a658.152 _223 |
| 100 | 1 | _aAgarwal, Yamini. | |
| 245 | 1 | 0 |
_aCapital structure decisions _h[electronic resource] : _bevaluating risk and uncertainty / _cYamini Agarwal. |
| 260 |
_aSingapore : _bWiley, _cc2013. |
||
| 300 | _axvii, 252 p. | ||
| 490 | 1 | _aWiley corporate F & A | |
| 504 | _aIncludes bibliographical references and index. | ||
| 533 |
_aElectronic reproduction. _bPalo Alto, Calif. : _cebrary, _d2013. _nAvailable via World Wide Web. _nAccess may be limited to ebrary affiliated libraries. |
||
| 650 | 0 |
_aCorporations _xFinance. |
|
| 655 | 7 |
_aElectronic books. _2local |
|
| 710 | 2 | _aebrary, Inc. | |
| 830 | 0 | _aWiley corporate F & A. | |
| 856 | 4 | 0 |
_uhttp://site.ebrary.com/lib/rucke/Doc?id=10683274 _zAn electronic book accessible through the World Wide Web; click to view |
| 999 |
_c13962 _d13962 |
||